000 00574nam a2200205 4500
001 131701
003 ES-MaACL
005 20260525062932.0
007 t|
008 070214s1957 sp r ||||1| spa d
100 1 _aLarreta, Enrique.
_970347
245 1 3 _aLa calle de la vida y de la muerte /
_cEnrique Larreta.
250 _a3ª ed.
260 _aMadrid :
_bEspasa-Calpe,
_c1957.
300 _a189 p. ;
_c18 cm.
490 1 _aColección austral ;
_v382
830 0 _aColección austral
_v382
_9177655
852 _aES-MaACL
_jC-12607
_bR.40628
999 _c131701
_d131701